The battle for Okinawa
Saved in:
| Main Author: | |
|---|---|
| Other Authors: | |
| Format: | Book |
| Published: |
New YorklbJohn Wiley&Sons,Inc lc1995
|
| Subjects: | |
| Tags: |
Add Tag
No Tags, Be the first to tag this record!
|
| Call Number : | D 767.99.045 Y33 1995 |
MARC
| LEADER | 00000pam a2200000 4500 | ||
|---|---|---|---|
| 001 | 16527 | ||
| 003 | MY-KLNDU | ||
| 005 | 20241218060617.0 | ||
| 020 | 0 | 0 | |a 0471120413 |
| 035 | |a 0000016095 | ||
| 039 | 9 | |y 200910090933 |z VLOAD | |
| 090 | 0 | 0 | |a D 767.99.045 |b Y33 1995 |
| 100 | 1 | 0 | |a YaharalhHiromichi |
| 245 | 1 | 4 | |a The battle for Okinawa |c Hiromichi Yahara |f translated by Roger Pineau and Masatoshi Uehara |i with an introduction andcommentary by Frank B.Gibney |
| 260 | 0 | 0 | |a New YorklbJohn Wiley&Sons,Inc lc1995 |
| 300 | |a xxv, 245p. |b ill |c 24cm | ||
| 500 | 0 | 0 | |a Includes index |
| 650 | 0 | 0 | |a World war |y 1939-1945 |x Campaigns |z Japan |z Okinawa Island |
| 700 | 1 | 1 | |a Gibney |h Frank B. |
| 999 | |a vtls000016146 |c 16527 |d 16527 | ||


